Inducing α‐Helicity in Peptides by Silver Coordination to Cysteine

Short peptide sequences consisting of two cysteine residues separated by three other amino acids display complete change from random coil to α ‐helical secondary structure in response to addition of Ag + ions. The folded CXXXC/Ag + complex involves formation of multinuclear Ag + species and is stabl...

Teljes leírás

Elmentve itt :
Bibliográfiai részletek
Szerzők: Fischer Niklas
Tóth Annamária
Jancsó Attila
Thulstrup Peter
Diness Frederik
Dokumentumtípus: Cikk
Megjelent: 2024
Sorozat:CHEMISTRY-A EUROPEAN JOURNAL 30 No. 31
Tárgyszavak:
doi:10.1002/chem.202304064

mtmt:34863393
Online Access:http://publicatio.bibl.u-szeged.hu/31945
LEADER 02054nab a2200265 i 4500
001 publ31945
005 20240802125249.0
008 240527s2024 hu o 000 eng d
022 |a 0947-6539 
024 7 |a 10.1002/chem.202304064  |2 doi 
024 7 |a 34863393  |2 mtmt 
040 |a SZTE Publicatio Repozitórium  |b hun 
041 |a eng 
100 1 |a Fischer Niklas 
245 1 0 |a Inducing α‐Helicity in Peptides by Silver Coordination to Cysteine  |h [elektronikus dokumentum] /  |c  Fischer Niklas 
260 |c 2024 
300 |a 6 
490 0 |a CHEMISTRY-A EUROPEAN JOURNAL  |v 30 No. 31 
520 3 |a Short peptide sequences consisting of two cysteine residues separated by three other amino acids display complete change from random coil to α ‐helical secondary structure in response to addition of Ag + ions. The folded CXXXC/Ag + complex involves formation of multinuclear Ag + species and is stable in a wide pH range from below 3 to above 8. The complex is stable through reversed‐phase HPLC separation as well as towards a physiological level of chloride ions, based on far‐UV circular dichroism spectroscopy. In electrospray MS under acidic conditions a peptide dimer with four Ag + ions bound was observed, and modelling based on potentiometric experiments supported this to be the dominating complex at neutral pH together with a peptide dimer with 3 Ag + and one proton at lower pH. The complex was demonstrated to work as a N ‐terminal nucleation site for inducing α‐helicity into longer peptides. This type of silver‐mediated peptide assembly and folding may be of more general use for stabilizing not only peptide folding but also for controlling oligomerization even under acidic conditions. 
650 4 |a Kémiai tudományok 
700 0 1 |a Tóth Annamária  |e aut 
700 0 1 |a Jancsó Attila  |e aut 
700 0 1 |a Thulstrup Peter  |e aut 
700 0 1 |a Diness Frederik  |e aut 
856 4 0 |u http://publicatio.bibl.u-szeged.hu/31945/1/ChemistryAEuropeanJ-2024-Fischer-InducingHelicityinPeptidesbySilverCoordinationtoCysteine.pdf  |z Dokumentum-elérés